Retrouve les Sports des JO d'hiver 2026 - Statistiques

Statistiques générales
  • Ce quiz a été pris 142 fois
  • Le résultat moyen est 6 sur 9
Statistiques - réponses
Sports % Correct
Ski
100%
Biathlon
88%
Patinage
87%
Bobsleigh
75%
Hockey sur glace
75%
Curling
73%
Luge
65%
Skeleton
50%
Combiné nordique
19%
Aucun quiz correspondant
Distribution des résultats
% des personnes avec chaque résultat
Percentile par nombre de réponses
Votre historique - résultats
Vous n’avez pas pris ce quiz